Pierre Teilhard de Chardin - Svatá Hmota : soubor studií / P. Chauchard ... [et al.]
Record details
- ISBN: 80-86715-43-4
- Physical Description: 175 s., [3] s. obr. příl. : faksim. ; 21 cm
- Edition: Vyd. 1.
- Publisher: Olomouc : Refugium Velehrad-Roma, 2005
Content descriptions
| General Note: | "Vychází k 50letému výročí úmrtí Teilharda de Chardin" -- Rub. tit. s. Část. přeloženo z francouzštiny, angličtiny a dalších jazyků? |
| Bibliography, etc. Note: | Obsahuje bibliografické odkazy |
| Issuing Body Note: | Vydavatel: Centrum Aletti |
Search for related items by subject
| Genre: | studie sborníky studies miscellanea |
Search for related items by series
Available copies
- 2 of 2 copies available at Common Catalog SPOK.
Holds
- 0 current holds with 2 total copies.
Show Only Available Copies
| Location | Call Number / Copy Notes | Barcode | Shelving Location | Status | Due Date |
|---|---|---|---|---|---|
| Jabok Library | ST-1.2 | 424480018007 | Odborná literatura | Available | - |
| Jabok Library | ST-1.2 | 424480019702 | Odborná literatura | Available | - |
| LDR | 02943nam a2200769 a 4500 | ||
|---|---|---|---|
| 001 | 9096 | ||
| 003 | CZ-PrJAB | ||
| 005 | 20170522073337.0 | ||
| 007 | ta | ||
| 008 | 051103s2005 xr fh f 010 0dcze | ||
| 015 | . | ‡acnb001629859 | |
| 020 | . | ‡a80-86715-43-4 ‡q(brož.) : ‡cKč 155,00 | |
| 035 | . | ‡a(CZ PrNK)nkc20051629859 | |
| 035 | . | ‡a(OCoLC)85164536 | |
| 040 | . | ‡aBOA001 ‡bcze ‡dABA001 | |
| 041 | 1 | . | ‡acze ‡heng ‡hfre ‡hund |
| 043 | . | ‡ae-fr--- | |
| 045 | . | ‡aw8x5 | |
| 072 | 7. | ‡a14(100-15)"15/20" ‡xModerní západní filozofie ‡2Konspekt ‡95 | |
| 080 | . | ‡a27-335 ‡2MRF | |
| 080 | . | ‡a14:27 ‡2MRF | |
| 080 | . | ‡a001:2-1 ‡2MRF | |
| 080 | . | ‡a117 ‡2MRF | |
| 080 | . | ‡a13 ‡2MRF | |
| 080 | . | ‡a575.858 ‡2MRF | |
| 080 | . | ‡a113/119 ‡2MRF | |
| 080 | . | ‡a27 ‡2MRF | |
| 080 | . | ‡a27-1 ‡2MRF | |
| 080 | . | ‡a(44) ‡2MRF | |
| 080 | . | ‡a(048.8) ‡2MRF | |
| 080 | . | ‡a(082) ‡2MRF | |
| 245 | 0 | 0. | ‡aPierre Teilhard de Chardin - Svatá Hmota : ‡bsoubor studií / ‡cP. Chauchard ... [et al.] |
| 246 | 3 | 0. | ‡aSvatá Hmota |
| 250 | . | ‡aVyd. 1. | |
| 260 | . | ‡aOlomouc : ‡bRefugium Velehrad-Roma, ‡c2005 | |
| 300 | . | ‡a175 s., [3] s. obr. příl. : ‡bfaksim. ; ‡c21 cm | |
| 490 | 1 | . | ‡aStudijní texty ; ‡v34 |
| 500 | . | ‡a"Vychází k 50letému výročí úmrtí Teilharda de Chardin" -- Rub. tit. s. | |
| 500 | . | ‡aČást. přeloženo z francouzštiny, angličtiny a dalších jazyků? | |
| 504 | . | ‡aObsahuje bibliografické odkazy | |
| 550 | . | ‡aVydavatel: Centrum Aletti | |
| 600 | 1 | 7. | ‡aTeilhard de Chardin, Pierre, ‡d1881-1955 ‡7jn19990008444 ‡2czenas |
| 648 | 7. | ‡a19.-20. století ‡7ch757015 ‡2czenas | |
| 648 | 7. | ‡a20. století ‡7ch460558 ‡2czenas | |
| 650 | 0 | 7. | ‡akřesťanští filozofové ‡7ph122142 ‡zFrancie ‡y19.-20. století ‡2czenas |
| 650 | 0 | 7. | ‡akřesťanská filozofie ‡7ph138449 ‡y20. století ‡2czenas |
| 650 | 0 | 7. | ‡avěda a víra ‡7ph116677 ‡y20. století ‡2czenas |
| 650 | 0 | 7. | ‡ahmota ‡7ph120762 ‡xduchovní aspekty ‡2czenas |
| 650 | 0 | 7. | ‡aevoluční teorie ‡7ph120055 ‡xkřesťanské pojetí ‡2czenas |
| 650 | 0 | 7. | ‡akosmologie ‡7ph114989 ‡xkřesťanské pojetí ‡2czenas |
| 650 | 0 | 7. | ‡akřesťanská teologie ‡7ph115064 ‡y20. století ‡2czenas |
| 650 | 0 | 9. | ‡aChristian philosophers ‡zFrance ‡y19th-20th centuries ‡2eczenas |
| 650 | 0 | 9. | ‡aChristian philosophy ‡y20th century ‡2eczenas |
| 650 | 0 | 9. | ‡ascience and belief ‡y20th century ‡2eczenas |
| 650 | 0 | 9. | ‡amatter ‡xspiritual aspects ‡2eczenas |
| 650 | 0 | 9. | ‡aevolutionary theories ‡xChristian approach ‡2eczenas |
| 650 | 0 | 9. | ‡acosmology ‡xChristian approach ‡2eczenas |
| 650 | 0 | 9. | ‡aChristian theology ‡y20th century ‡2eczenas |
| 655 | 7. | ‡astudie ‡7fd133597 ‡2czenas | |
| 655 | 7. | ‡asborníky ‡7fd163935 ‡2czenas | |
| 655 | 9. | ‡astudies ‡2eczenas | |
| 655 | 9. | ‡amiscellanea ‡2eczenas | |
| 700 | 1 | . | ‡aChauchard, Paul, ‡d1912-2003 ‡7skuk0000227 ‡4aut |
| 710 | 2 | . | ‡aJezuité. ‡bČeská provincie. ‡bCentrum Aletti Velehrad-Roma ‡7kn20020906019 |
| 830 | 0. | ‡aStudijní texty (Centrum Aletti) | |
| 910 | . | ‡aABG312 | |
| 901 | . | ‡a9096 ‡bUnknown ‡c9096 ‡tbiblio | |